00000000cam 2200000zi 4500
0019.939751
003CaOODSP
00520251218071537
006m     o  d f      
007cr bn|||||||||
008240624t19771978oncab   obt  f000 0 eng d
020 |a0662020626 |q(print)
040 |aCaOODSP|beng|erda|cCaOODSP
0410 |aeng|beng|bfre
043 |an-cn-nk
0861 |aEn57-58/854-1977E-PDF|zEn57-20/854
1001 |aMapanao, L. O., |eauthor.
24510|aApplication of objective techniques for assessing precipitation gauge requirements for streamflow forecasting / |cby L.O. Mapanao and W.I. Pugsley = Application de méthodes objectives à l'évaluation des exigences en matière de pluviomètres pour la prévision de l'écoulement / par L.O. Mapanao et W.I. Pugsley.
24611|aApplication de méthodes objectives à l'évaluation des exigences en matière de pluviomètres pour la prévision de l'écoulement
264 1|aDownsview, Ontario : |bFisheries and Environment Canada, Atmospheric Environment Service, |c1977.
264 4|c©1978
300 |a1 online resource (17 pages, 2 unnumbered pages) : |billustrations, maps.
336 |atext|btxt|2rdacontent
337 |acomputer|bc|2rdamedia
338 |aonline resource|bcr|2rdacarrier
4901 |aTechnical memoranda, |y0068-7804 ; |vTEC 854
500 |aISSN of series should read: 0708-2878.
500 |a"Published under the authority of the Assistant Deputy Minister"--Cover.
500 |a"U.D.C: 551.509.324.2"--Cover.
500 |a"28 August 1977"--Cover.
500 |aDigitized edition from print [produced by Environment and Climate Change Canada].
504 |aIncludes bibliographical references (page 8).
5203 |a"This paper describes the application of a physically defined topographic precipitation index (TPI) and Gandin's correlation analysis method in assessing the adequacy of precipitation networks in the Saint John River basin for purposes of water supply and daily river forecasting. These objective techniques permit identification of network data gaps corresponding to a prescribed uncertainty in estimating areal precipitation. The TPI method also demonstrates the feasibility of simulating the spatial variations of a field from known physical relationships to assess the requirement without the necessity of first establishing a dense network"--Abstract.
546 |aIncludes abstracts in English and French.
650 0|aStreamflow|zSaint John River Watershed (Me. and N.B.)|xForecasting|xStatistical methods.
650 0|aPrecipitation (Meteorology)|zSaint John River Watershed (Me. and N.B.)|xMeasurement|xStatistical methods.
650 6|aCours d'eau|xDébit|zSaint-Jean, Bassin du (Maine et N.-B.)|xPrévision|xMéthodes statistiques.
650 6|aPrécipitations (Météorologie)|zSaint-Jean, Bassin du (Maine et N.-B.)|xMesure|xMéthodes statistiques.
655 7|aTechnical reports|2lcgft
655 7|aRapports techniques|2rvmgf
7101 |aCanada. |bAtmospheric Environment Service, |eissuing body.
830#0|aTechnical memoranda (Canada. Atmospheric Environment Service)|vTEC 854.|w(CaOODSP)9.934501
85640|qPDF|s1.14 MB|uhttps://publications.gc.ca/collections/collection_2024/eccc/en57/En57-58-854-1977-eng.pdf